00989cam a22003134a 4500001000900000003001400009005001700023008004100040010001700081020001500098038001200113040001800125042000800143050002300151082002200174100002900196245005600225250001200281260006000293300003400353500001500387504005100402563001400453650002100467906004500488942002200533999001700555952010300572138850700-13-021626-720211011110415.0050228s2006 njua b 001 0 eng  a 2005045876 a0130216267 akhadija aDLCcDLCdDLC apcc00aTA455.P5bS74 200600a620.1923222bSTR1 aStrong, A. Brent.93592610aPlastics materials and processingcA. Brent Strong. a2nd ed. aUpper Saddle River, NJ :bPearson Prentice Hall,c2006. axvi, 917 p. :bill. ;c24 cm. aHardcover. aIncludes bibliographical references and index. aHardcover 0aPlastics.935927 a7bcbccorignewd1eocipf20gy-gencatlg 2ddccBKh620.1923 c31619d31619 00102ddc4070aSMMEbSMMEcGENd2015-06-26o620.1923 STRpSMME-127r2018-03-20w2015-06-26yBK